00304 a2200097 450000500170000002000220001710000180003924500540005726000420011130000530015320250612165444.0 a978-0-521-54366-8 aBORRINGTON, K aTeaching and Assessing Skills in Business Studies aCambridgebUniversity Cambridgec2004 aiv,106p.: ill; Chart, Graph, Table bIndexc23cm